<?xml version="1.0" encoding="UTF-8"?>
<record
    xmlns:xsi="http://www.w3.org/2001/XMLSchema-instance"
    xsi:schemaLocation="http://www.loc.gov/MARC21/slim http://www.loc.gov/standards/marcxml/schema/MARC21slim.xsd"
    xmlns="http://www.loc.gov/MARC21/slim">

  <leader>01845cam a22004095a 4500</leader>
  <controlfield tag="001">4832539</controlfield>
  <controlfield tag="003">EG-ScBUE</controlfield>
  <controlfield tag="005">20220523100742.0</controlfield>
  <controlfield tag="008">900417m19981999enkab  f      000 0 eng d</controlfield>
  <datafield tag="020" ind1=" " ind2=" ">
    <subfield code="a">0521376831 (Workbook 2)</subfield>
  </datafield>
  <datafield tag="020" ind1=" " ind2=" ">
    <subfield code="a">9780521376839 (Workbook 2)</subfield>
  </datafield>
  <datafield tag="020" ind1=" " ind2=" ">
    <subfield code="a">0521376815 (Student's book 2)</subfield>
  </datafield>
  <datafield tag="020" ind1=" " ind2=" ">
    <subfield code="a">9780521376815 (Student's book 2)</subfield>
  </datafield>
  <datafield tag="035" ind1=" " ind2=" ">
    <subfield code="a">(DLC)   90001912</subfield>
  </datafield>
  <datafield tag="040" ind1=" " ind2=" ">
    <subfield code="a">EG-ScBUE</subfield>
    <subfield code="b">eng</subfield>
    <subfield code="e">rda</subfield>
    <subfield code="c">EG-ScBUE</subfield>
    <subfield code="d">EG-ScBUE</subfield>
  </datafield>
  <datafield tag="082" ind1="0" ind2="4">
    <subfield code="a">428.24</subfield>
    <subfield code="b">RIC</subfield>
    <subfield code="2">22</subfield>
  </datafield>
  <datafield tag="100" ind1="1" ind2=" ">
    <subfield code="a">Richards, Jack C,</subfield>
    <subfield code="d">1943-</subfield>
    <subfield code="e">author.</subfield>
    <subfield code="9">7646</subfield>
  </datafield>
  <datafield tag="245" ind1="1" ind2="0">
    <subfield code="a">Interchange  :</subfield>
    <subfield code="b">English for international communication.</subfield>
    <subfield code="n">2 /</subfield>
    <subfield code="c">Jack C. Richards, Jonathan Hull, Susan Proctor.</subfield>
  </datafield>
  <datafield tag="250" ind1=" " ind2=" ">
    <subfield code="a">Reprinted edition.</subfield>
  </datafield>
  <datafield tag="264" ind1=" " ind2="1">
    <subfield code="a">Cambridge, U.K. :</subfield>
    <subfield code="b">Cambridge University Press.</subfield>
    <subfield code="c">[between 1998-1999]</subfield>
  </datafield>
  <datafield tag="300" ind1=" " ind2=" ">
    <subfield code="a">2 volumes :</subfield>
    <subfield code="b">illustrations, maps ;</subfield>
    <subfield code="c">28 cm</subfield>
  </datafield>
  <datafield tag="336" ind1=" " ind2=" ">
    <subfield code="2">rdacontent</subfield>
    <subfield code="a">text</subfield>
    <subfield code="b">txt</subfield>
  </datafield>
  <datafield tag="337" ind1=" " ind2=" ">
    <subfield code="2">rdamedia</subfield>
    <subfield code="a">unmediated</subfield>
    <subfield code="b">n</subfield>
  </datafield>
  <datafield tag="338" ind1=" " ind2=" ">
    <subfield code="2">rdacarrier</subfield>
    <subfield code="a">volume</subfield>
    <subfield code="b">nc</subfield>
  </datafield>
  <datafield tag="505" ind1="0" ind2=" ">
    <subfield code="a">Workbook -- Student's book.</subfield>
  </datafield>
  <datafield tag="520" ind1=" " ind2=" ">
    <subfield code="a">This student cassette accompanies a colour-illustrated student's book containing 15 units, each focusing on a practical theme or topic such as occupations and work, travel, shopping and entertainment and supported by grammatical structures, vocabulary, pronunciation, reading and writing exercises.</subfield>
  </datafield>
  <datafield tag="590" ind1=" " ind2=" ">
    <subfield code="a">mohamed.</subfield>
  </datafield>
  <datafield tag="650" ind1=" " ind2="7">
    <subfield code="a">English language</subfield>
    <subfield code="v">Textbooks for foreign speakers.</subfield>
    <subfield code="2">BUEsh</subfield>
    <subfield code="9">7647</subfield>
  </datafield>
  <datafield tag="650" ind1=" " ind2="7">
    <subfield code="a">Communication, International</subfield>
    <subfield code="v">Problems, exercises, etc.</subfield>
    <subfield code="2">BUEsh</subfield>
    <subfield code="9">7648</subfield>
  </datafield>
  <datafield tag="653" ind1=" " ind2=" ">
    <subfield code="b">HHUUEENN</subfield>
    <subfield code="c">July2019</subfield>
  </datafield>
  <datafield tag="655" ind1=" " ind2=" ">
    <subfield code="v">Reading book</subfield>
    <subfield code="9">34232</subfield>
  </datafield>
  <datafield tag="700" ind1="1" ind2=" ">
    <subfield code="a">Hull, Jonathan</subfield>
    <subfield code="e">author.</subfield>
    <subfield code="9">7649</subfield>
  </datafield>
  <datafield tag="700" ind1="1" ind2=" ">
    <subfield code="a">Proctor, Susan.</subfield>
    <subfield code="d">1945-</subfield>
    <subfield code="e">author.</subfield>
    <subfield code="9">7650</subfield>
  </datafield>
  <datafield tag="856" ind1="4" ind2="2">
    <subfield code="3">Publisher description</subfield>
    <subfield code="u">http://www.loc.gov/catdir/description/cam024/90001912.html</subfield>
  </datafield>
  <datafield tag="942" ind1=" " ind2=" ">
    <subfield code="2">ddc</subfield>
    <subfield code="k">428.24 RIC</subfield>
    <subfield code="c">BB</subfield>
  </datafield>
  <datafield tag="999" ind1=" " ind2=" ">
    <subfield code="c">12221</subfield>
    <subfield code="d">12221</subfield>
  </datafield>
  <datafield tag="952" ind1=" " ind2=" ">
    <subfield code="0">0</subfield>
    <subfield code="1">0</subfield>
    <subfield code="2">ddc</subfield>
    <subfield code="3"> </subfield>
    <subfield code="4">0</subfield>
    <subfield code="7">0</subfield>
    <subfield code="8">Alahram</subfield>
    <subfield code="a">MAIN</subfield>
    <subfield code="b">MAIN</subfield>
    <subfield code="c">2ND</subfield>
    <subfield code="d">2009-07-06</subfield>
    <subfield code="e">Purchase</subfield>
    <subfield code="g">42.70</subfield>
    <subfield code="h">72</subfield>
    <subfield code="l">0</subfield>
    <subfield code="o">428.24 RIC</subfield>
    <subfield code="p">000017276</subfield>
    <subfield code="r">2025-07-15 00:00:00</subfield>
    <subfield code="y">BB</subfield>
    <subfield code="z">Student's Book 2</subfield>
  </datafield>
  <datafield tag="952" ind1=" " ind2=" ">
    <subfield code="0">0</subfield>
    <subfield code="1">0</subfield>
    <subfield code="2">ddc</subfield>
    <subfield code="4">0</subfield>
    <subfield code="7">0</subfield>
    <subfield code="8">Alahram</subfield>
    <subfield code="a">MAIN</subfield>
    <subfield code="b">MAIN</subfield>
    <subfield code="c">2ND</subfield>
    <subfield code="d">2010-07-04</subfield>
    <subfield code="e">purchase</subfield>
    <subfield code="g">23.70</subfield>
    <subfield code="h">72</subfield>
    <subfield code="l">0</subfield>
    <subfield code="o">428.24 RIC</subfield>
    <subfield code="p">000017302</subfield>
    <subfield code="r">2025-07-15 00:00:00</subfield>
    <subfield code="w">2010-07-04</subfield>
    <subfield code="y">BB</subfield>
    <subfield code="z">Workbook2</subfield>
  </datafield>
  <datafield tag="952" ind1=" " ind2=" ">
    <subfield code="0">0</subfield>
    <subfield code="1">0</subfield>
    <subfield code="2">ddc</subfield>
    <subfield code="4">0</subfield>
    <subfield code="7">0</subfield>
    <subfield code="8">Alahram</subfield>
    <subfield code="a">MAIN</subfield>
    <subfield code="b">MAIN</subfield>
    <subfield code="c">2ND</subfield>
    <subfield code="d">2010-07-04</subfield>
    <subfield code="e">purchase</subfield>
    <subfield code="g">23.70</subfield>
    <subfield code="h">72</subfield>
    <subfield code="l">0</subfield>
    <subfield code="o">428.24 RIC</subfield>
    <subfield code="p">000017303</subfield>
    <subfield code="r">2025-07-15 00:00:00</subfield>
    <subfield code="w">2010-07-04</subfield>
    <subfield code="y">BB</subfield>
    <subfield code="z">Workbook2</subfield>
  </datafield>
  <datafield tag="952" ind1=" " ind2=" ">
    <subfield code="0">0</subfield>
    <subfield code="1">0</subfield>
    <subfield code="2">ddc</subfield>
    <subfield code="4">0</subfield>
    <subfield code="7">0</subfield>
    <subfield code="8">Alahram</subfield>
    <subfield code="a">MAIN</subfield>
    <subfield code="b">MAIN</subfield>
    <subfield code="c">2ND</subfield>
    <subfield code="d">2010-07-04</subfield>
    <subfield code="e">purchase</subfield>
    <subfield code="g">23.70</subfield>
    <subfield code="h">72</subfield>
    <subfield code="l">0</subfield>
    <subfield code="o">428.24 RIC</subfield>
    <subfield code="p">000017304</subfield>
    <subfield code="r">2025-07-15 00:00:00</subfield>
    <subfield code="w">2010-07-04</subfield>
    <subfield code="y">NB</subfield>
    <subfield code="z">Workbook2</subfield>
  </datafield>
  <datafield tag="952" ind1=" " ind2=" ">
    <subfield code="0">0</subfield>
    <subfield code="1">0</subfield>
    <subfield code="2">ddc</subfield>
    <subfield code="4">0</subfield>
    <subfield code="7">0</subfield>
    <subfield code="8">Alahram</subfield>
    <subfield code="a">MAIN</subfield>
    <subfield code="b">MAIN</subfield>
    <subfield code="c">2ND</subfield>
    <subfield code="d">2010-07-04</subfield>
    <subfield code="e">purchase</subfield>
    <subfield code="g">86.00</subfield>
    <subfield code="h">72</subfield>
    <subfield code="l">0</subfield>
    <subfield code="o">428.24 RIC</subfield>
    <subfield code="p">000017300</subfield>
    <subfield code="r">2025-07-15 00:00:00</subfield>
    <subfield code="w">2010-07-04</subfield>
    <subfield code="y">TR</subfield>
    <subfield code="z">Teacher's Manual 2</subfield>
  </datafield>
  <datafield tag="952" ind1=" " ind2=" ">
    <subfield code="0">0</subfield>
    <subfield code="1">0</subfield>
    <subfield code="2">ddc</subfield>
    <subfield code="4">0</subfield>
    <subfield code="7">0</subfield>
    <subfield code="8">Alahram</subfield>
    <subfield code="a">MAIN</subfield>
    <subfield code="b">MAIN</subfield>
    <subfield code="c">2ND</subfield>
    <subfield code="d">2010-07-04</subfield>
    <subfield code="e">purchase</subfield>
    <subfield code="g">86.00</subfield>
    <subfield code="h">72</subfield>
    <subfield code="l">0</subfield>
    <subfield code="o">428.24 RIC</subfield>
    <subfield code="p">000017301</subfield>
    <subfield code="r">2025-07-15 00:00:00</subfield>
    <subfield code="w">2010-07-04</subfield>
    <subfield code="y">TR</subfield>
    <subfield code="z">Teacher's Manual 2</subfield>
  </datafield>
</record>
